Statistics for Countries with the most airport per km²

Click here to take the quiz!

General Stats

  • This quiz has been taken 29 times
  • The average score is 11 of 20

Answer Stats

Per Million km²Country% Correct
13,100Singapore
89%
15,424Saint Vincent and the Grenadines
70%
39,063Tuvalu
67%
3,165Malta
67%
82,873Marshall Islands
63%
8,368Tonga
63%
6,536Palau
63%
47,170Nauru
63%
7,663Saint Kitts and Nevis
63%
23,428Kiribati
63%
30,201Maldives
63%
3,300Saint Lucia
59%
30,769Seychelles
59%
8,547F. S. Micronesia
56%
6,778Antigua and Barbuda
56%
5,263Bahrain
48%
6,094Bahamas
44%
3,153Costa Rica
11%
3,282El Salvador
7%
2,716Guatemala
7%

Score Distribution

Percentile by Number Answered

Percent of People with Each Score

Your Score History

You have not taken this quiz